| 000 | 00349 a2200157 4500 | ||
|---|---|---|---|
| 001 | 56794 | ||
| 020 | _a8532212336 | ||
| 040 | _cAnchieta - Pituba | ||
| 100 | _aForjaz, Sonia Salerno | ||
| 240 | 1 | 0 |
_aPapai não é perfeito _lpor |
| 245 | 1 | 0 | _aPapai não é perfeito |
| 300 | _a63 | ||
| 362 | 0 | _a1994 | |
| 650 | 4 | _aLiteratura juvenil | |
| 942 | _cBK | ||
| 999 |
_c56794 _d56794 |
||